| 000 | 00822nam a2200217Ii 4500 | ||
|---|---|---|---|
| 003 | JO-AjNU | ||
| 008 | 230605s9999||||xx |||||||||||||| ||und|| | ||
| 020 | _a964-422-371-3 | ||
| 040 |
_aJO-AjNU _bara _erda _cJO-AjNU |
||
| 041 | _aara | ||
| 050 | 1 | 4 | _aBP80.J3438 |
| 100 | 3 |
_aميروفتش، ايفا دي فيتراي ، ترجمة العاكوب،عيسى علي, _eauthor _939737 |
|
| 245 | 0 | 0 | _aجلال الدين الرومي والتصوف |
| 250 | _aط1 | ||
| 264 | 3 | 1 | _aطهران:مؤسسة الطباعة والنشر التابعة لوزارة الثقافة والارشاد الاسلامي ،د.ت |
| 300 | _a234ص | ||
| 336 |
_atext _btxt _2rdacontent |
||
| 337 |
_aunmediated _bn _2rdamedia |
||
| 338 |
_avolume _bnc _2rdacarrier |
||
| 650 | 4 |
_aالتصوف-جلال الدين الرومي _939738 |
|
| 999 |
_aA16808 _c20376 _d20376 |
||